Wszystkie stacje zatrzymania Pendolino 2025 - Statystyki

Ogólne statystyki
  • Ten quiz został rozwiązany 69 razy
    59 od ostatniego zresetowania
  • Średni wynik to 29 z 42
Statystyki odpowiedzi
Województwo Stacja % Poprawnych
Małopolskie Kraków Główny
98%
Mazowieckie Warszawa Centralna
95%
Mazowieckie Warszawa Wschodnia
95%
Mazowieckie Warszawa Zachodnia
95%
Zachodniopomorskie Szczecin Główny
93%
Śląskie Katowice
90%
Wielkopolskie Poznań Główny
90%
Pomorskie Gdańsk Główny
88%
Pomorskie Gdynia Główna
88%
Pomorskie Malbork
88%
Pomorskie Gdańsk Wrzeszcz
85%
Podkarpackie Rzeszów Główny
85%
Dolnośląskie Wrocław Główny
85%
Pomorskie Gdańsk Oliwa
83%
Pomorskie Sopot
78%
Opolskie Opole Główne
76%
Pomorskie Słupsk
76%
Zachodniopomorskie Kołobrzeg
73%
Pomorskie Tczew
73%
Warmińsko-mazurskie Iława Główna
71%
Małopolskie Tarnów
71%
Śląskie Gliwice
68%
Zachodniopomorskie Stargard
68%
Zachodniopomorskie Szczecin Dąbie
66%
Śląskie Zabrze
66%
Śląskie Bielsko-Biała Główna
63%
Zachodniopomorskie Koszalin
63%
Małopolskie Kraków Płaszów
61%
Śląskie Sosnowiec Główny
61%
Pomorskie Lębork
59%
Zachodniopomorskie Świnoujście
59%
Śląskie Zawiercie
59%
Wielkopolskie Krzyż
51%
Śląskie Lubliniec
49%
Śląskie Tychy
49%
Małopolskie Bochnia
46%
Śląskie Częstochowa Stradom
44%
Podkarpackie Dębica
44%
Zachodniopomorskie Międzyzdroje
41%
Śląskie Czechowice-Dziedzice
39%
Zachodniopomorskie Goleniów
39%
Śląskie Pszczyna
34%
Nie znaleziono quizów pasujących do podanych kryteriów
Rozkład punktacji
Procent ludzi z każdym wynikiem
Percentyl według liczby udzielonych odpowiedzi
Twoja historia wyników
Nie rozwiązałeś tego quizu od ostatniego zresetowania